00777 a2200193 45000010006000000050017000060080041000230030015000640400040000790800057001192450033001760200022002092640037002313000024002685050216002920410008005081000034005167000033005506400120260521160828.0260521a1979 arg spa dAR-UNSa-BCEJYS aAR-UNSa-BCEJYSbspacAR-UNSa-BCEJYS a658.5xPlanificación y control de la producción 10aIngeniería de producción a978-84-234-0455-1 1aBilbao :bEdiciones Deustoc1979 axii, 415 p.c24 cm. a1. Primera Parte: Estudio del trabajo. Métodos - 2. Segunda Parte: Estudio del trabajo: Tiempos - 3. Tercera Parte: Ergonomía y enriquecimiento del trabajo - 4. Cuarta Parte: Ingeniería de mantenimiento -  aspa1 aAlonso de Leciñana, Jesús1 aRuiz Iturregui, José Maria